| 000 | 00618nam a22001817a 4500 | ||
|---|---|---|---|
| 999 |
_c160485 _d160485 |
||
| 005 | 20190206163206.0 | ||
| 010 | _aENG-124686 | ||
| 020 |
_a97893528083311 _c495.00 |
||
| 035 | _aEN-108218 | ||
| 037 | _bDBAD/PUB | ||
| 082 | _a658.3008 | ||
| 100 | _aSaundarya Rajesh | ||
| 245 |
_aThe 99 day diversity challenge: _ccreating an inclusive workplace/ _bby Saundarya Rajesh |
||
| 260 |
_aNew Delhi _bSage publications _c2019 |
||
| 270 |
_aB1/1-1 Mohan Cooperative Industrial Area,Mathura Road, _bNew Delhi _e110044 _mwww.sagepub.in |
||
| 300 |
_a290p. _c21cm.(pbk) |
||
| 942 |
_2ddc _cEN _mSAU _h658.3008 |
||